|
|
|
|
| LEADER |
01345nam a2200253 a 4500 |
| 001 |
357088 |
| 008 |
100218s1976 bg b 000 0 eng d |
| 010 |
|
|
|a 76902418
|
| 040 |
|
|
|a DLC
|c DLC
|d DLC
|d BD-DhAAL
|
| 082 |
0 |
0 |
|a 309.2/63/095492
|
| 245 |
0 |
0 |
|a Exploitation and the rural poor :
|b a working paper on the rural power structure in Bangladesh /
|c M. Ameerul Huq, editor.
|
| 260 |
|
|
|a Comilla :
|b Bangladesh Academy for Rural Development,
|c 1976.
|
| 300 |
|
|
|a v, iv, 282 p. ;
|c 23 cm.
|
| 504 |
|
|
|a Includes Bibliography (p. 271-277.)
|
| 541 |
1 |
|
|e 00000747
|
| 650 |
|
0 |
|a Rural development
|z Bangladesh.
|
| 651 |
|
0 |
|a Bangladesh
|x Rural conditions.
|
| 710 |
2 |
|
|a Bangladesh Academy for Rural Development.
|
| 700 |
1 |
|
|a Huq, M. Ameerul.
|
| 852 |
4 |
|
|a Ayesha Abed Library
|j General shelf
|
| 999 |
|
|
|c 7626
|d 7626
|
| 952 |
|
|
|0 0
|1 0
|2 ddc
|4 0
|6 309_263095492000000_EXP_1976
|7 0
|9 8336
|a BRACUL
|b BRACUL
|c GEN
|d 2010-02-22
|g 12.00
|l 1
|o 309.263095492 EXP
|p 3010000747
|r 2012-01-25
|s 2012-01-12
|t 1
|w 2010-02-22
|y BK
|
| 952 |
|
|
|0 0
|1 0
|2 ddc
|4 0
|6 309_263095492000000_EXP_1976
|7 0
|9 8959
|a BRACUL
|b BRACUL
|c GEN
|d 2010-04-04
|g 0.00
|l 0
|o 309.263095492 EXP
|p 3010004441
|r 2010-04-04
|t 2
|w 2010-04-04
|y BK
|z Not price in Register
|
| 952 |
|
|
|0 0
|1 0
|2 ddc
|4 0
|6 309_200000000000000_63_095492_EXP
|7 0
|9 54404
|a SCL
|b SCL
|c GEN
|d 2015-06-20
|g 40.00
|l 0
|o 309.263095492 EXP
|p 3020000883
|r 2015-06-20
|t 3
|w 2015-06-20
|y BK
|